Discovering French-Blanc (Record no. 21762)

MARC details
000 -LEADER
fixed length control field 00377nam a22001337a 4500
008 - FIXED-LENGTH DATA ELEMENTS--GENERAL INFORMATION
fixed length control field 260424b |||||||| |||| 00| 0 eng d
020 ## - INTERNATIONAL STANDARD BOOK NUMBER
International Standard Book Number 0-395-86665-0
050 ## - LIBRARY OF CONGRESS CALL NUMBER
Classification number PC 2129
Item number .D57 1998
100 ## - MAIN ENTRY--PERSONAL NAME
Personal name Valette Jean-Paul; & Rebecca M. Valette
9 (RLIN) 23704
245 ## - TITLE STATEMENT
Title Discovering French-Blanc
260 ## - PUBLICATION, DISTRIBUTION, ETC.
Place of publication, distribution, etc. Evanston
Name of publisher, distributor, etc. McDougal Littell
Date of publication, distribution, etc. 1998
300 ## - PHYSICAL DESCRIPTION
Extent Various paging
942 ## - ADDED ENTRY ELEMENTS (KOHA)
Source of classification or shelving scheme Library of Congress Classification

No items available.

Powered by Koha